000 00463nam a2200145 4500
001 122214
003 ES-MaACL
005 20230906191931.0
007 t|
008 070214s1916 ag r ||||1| spa d
100 1 _aPrieto Costa, Casimiro.
_993921
245 1 0 _aIntercambio comercial argentino, 1810-1915
_b: recopilación de antecedentes históricos /
_cpor Casimiro Prieto Costa.
260 _aBuenos Aires :
_b[s. n.],
_c1916.
852 _aES-MaACL
_j1661-F-18
999 _c122214
_d122214